Plant physiology

保存先:
書誌詳細
第一著者: Taiz, Lincoln
その他の著者: Zeiger, Eduardo
フォーマット: 図書
言語:英語
出版事項: Sunderland, England, United Kingdom Sinauer Associates 2006
版:Cuarta edición
主題:
タグ: タグ追加
タグなし, このレコードへの初めてのタグを付けませんか!

MARC

LEADER 00000nam a2200000 a 4500
001 UCI8174
003 CL-VaPUC
005 20240808113810.0
008 080813e20060000US |||||||||||||||||eng|d
999 |c 331195  |d 331193 
020 |a 9780878938568 
040 |c Pontificia Universidad Católica de Valparaíso 
082 0 4 |a 571.2 TAI 2006  |2 21 
100 0 |a Taiz, Lincoln  |9 531653 
245 1 0 |a Plant physiology 
250 |a Cuarta edición 
260 0 3 |a Sunderland, England, United Kingdom  |b Sinauer Associates  |c 2006 
300 |a 764 páginas 
583 |a last modification  |c 20080813 00:00:00  |k Rodrigo Vera 
650 0 |a Fisiología vegetal  |9 426114  |x Fisiología de las plantas 
650 0 |a  Plant physiology   |9 890563 
700 0 |a Zeiger, Eduardo  |9 531654 
942 |c BK  |2 ddc 
945 |d 20080813 00:00:00  |a rbrito 
952 |0 0  |1 0  |2 ddc  |4 0  |6 571_200000000000000_TAI_2006  |7 0  |8 A  |9 417438  |a BIBCUR  |b BIBCUR  |d 2019-11-22  |i 4472055  |l 1  |o 571.2 TAI 2006  |p 4472055  |r 2025-04-22  |s 2023-05-02  |t 1  |w 2019-11-22  |y BK  |k BIO 
952 |0 0  |1 1  |2 ddc  |4 0  |6 571_200000000000000_TAI_2006  |7 0  |8 A  |9 417439  |a BIBAGR  |b BIBAGR  |d 2019-11-22  |i 4578902  |o 571.2 TAI 2006  |p 4578902  |r 2019-11-22  |t 2  |w 2019-11-22  |y BK  |k AGR